000 00599nam a2200181 a 4500
001 000040002
005 20201002033846.0
008 130802s2003 mx 000 0 spa d
020 _a9703204724
040 _aDO-SdBNP
_bspa
_cBNPHU
100 1 _aVega, Lope de
_d1562-1635
_93084
245 1 0 _aDos Novelas a Marcia Leonarda /
_cLope de Vega ; introducción Juan Coronado.
260 _aMéxico :
_bUniversidad Nacional Autónoma de México,
_c2003.
300 _a114 p. ;
_c18 cm.
490 1 _aDifución Cultural
_e2
700 1 _aCoronado, Juan
_etr.
_966228
830 0 _aDifución Cultural
_e2
_966229
999 _c39492
_d39492